Plan de Ordenación y Manejo Ambiental de la Cuenca del Río Chitamena (Registro nro. 7372)

Detalles MARC
000 -CABECERA
Campo de control 00880nam a22002177a 4500
005 - FECHA Y HORA DE LA ULTIMA TRANSACCION
Campo de control 20130715115617.0
008 - ELEMENTOS DE LONGITUD FIJA—INFORMACION GENERAL
Campo de control 130715b2007 ck ||||| |||| 00| 0 spa d
020 ## - ISBN
ISBN 9789589849415 (Obra completa)
020 ## - ISBN
ISBN 9789589848422 (volúmen)
041 ## - IDIOMA
Código de idioma para texto/pista de sonido o título separado Español
044 ## - PAÍS DE PUBLICACIÓN
País de publicación Colombia
082 ## - NUMERO DE CLASIFICACION DECIMAL DEWEY
Número de clasificación 333.917
Número del ítem C822p
110 ## - ASIENTO PRINCIPAL--NOMBRE CORPORATIVO
Nombre corporativo o de jurisdicción como elemento de entrada Colombia.
Unidad subordinad Corporación Autónoma Regional de la Orinoquía.
245 10 - MENCION DE TITULO
Título Plan de Ordenación y Manejo Ambiental de la Cuenca del Río Chitamena
Mención de responsabilidad Corporación Autónoma Regional de la Orinoquía
260 ## - PUBLICACION, DISTRIBUCION, ETC. (PIE DE IMPRENTA)
Lugar de publicación, distribución, etc. [Bogotá] :
Nombre del editor, distribuidor, etc. Corporinoquía
Fecha de publicación, distribución, etc. [2007].
300 ## - DESCRIPCION FISICA
Extensión 56 p.
Otros detalles físicos il., mapas.
Dimensiones 25 cm.
490 ## - MENCION DE SERIE
Mención de serie Plan de ordenación y manejo ambiental de las cuencas hidrográficas dela Orinoquía
Designación numérica/secuencial del volumen 2.
650 #6 - ASIENTO SECUNDARIO DE MATERIA - TERMINO TEMATICO
Término temático o nombre geográfico como elemento de entrada Cuencas hidrográficas
Subdivisión general Aspectos Ambientales
650 #6 - ASIENTO SECUNDARIO DE MATERIA - TERMINO TEMATICO
Término temático o nombre geográfico como elemento de entrada Chitamena (Rio, Colombia)
Subdivisión general Aspectos Ambientales
942 ## - ELEMENTOS ADICIONALES (KOHA)
Sistema de clasificación Dewey Decimal Classification
Tipo de ítem
Existencias
Withdrawn status Lost status Sistema de Clasificación Damaged status No para préstamo Colección Inventariado Ubicación Permanente Ubicación actual Fecha de adquisición Fuente de Valor Valor Total Checkouts Número topográfico Inventario / Código de Barras Date last seen Ejemplar Price effective from Tipo de material
    Dewey Decimal Classification     General Inventariado 2017 Bogotá Bogotá 15/07/2013 Instituto 39000.00   LB 333.917 C822p 058242 15/07/2013 V. 1 Ej. 1 15/07/2013 Libro